02607aam a2200505 a 4500001001000000003000800010005001700018008004100035015001200076020001500088040004200103041000800145044001300153100003900166245014000205260006200345300002400407504006800431505001200499505002100511505004100532505003600573505004700609505005100656505002400707505006200731505004400793505004000837505002800877505001600905505005700921505004200978505004401020505005801064505006701122505004501189505004001234520053501274650004701809650004801856650002801904700002701932700004101959830010102000000069321AR-BaBN20251212092507.0071109s1977 ag gr 001 0dspa  aAR-1977 a9502503546 aAR-BaBNbspacAR-BaBNeaacrdAR-RoUNA1 aspa aagcar-c1 aDurkheim, Émile,d1858-19174aut13aLa sociología clásica :bDurkheim y Weber. estudio preliminar y selección de textos: Juan Carlos Portantiero /cÉmile Durkheim. aBuenos Aires :bCentro Editor de América Latina,c1985. a127 p. ;c19x11 cm. aIncluye notas y referencias bibliográficas a pie de página. tINDICE  t INTTRODUCCION  a El origen de la sociologia. p. 11.  a Los padres fundadores. p. 14. a Durkheim: el problema del orden. p. 23.  a Weber: racionalidad y dominación. p. 26.  tSELECCION DE TEXTOS aDurkheim: las reglas del método sociológico. p. 33.  aPrefacio de la segunda edición. p. 33 t.CAPITULO I ¿QUE ES HECHO SOCIAL?  a El suicidio. p. 55  tCAPITULO II aWeber: Conceptos sociológicos fundamentos. p. 76.  a Fundamentos metodológicos. p.76.  aEl concepto de acción social. p. 90.  aTipo de dominación y forma de legitimidad. p. 103.  aDominación legal con administración burocrática. p. 106. aLa rutinización del carisma. p. 112.  aClases, estamentos partidos. p. 1173 aLa sociología clásica de Émile Durkheim y Max Weber se centra en explicar el orden y el cambio social a través de enfoques diferentes. Durkheim se enfoca en los hechos sociales, las estructuras y la cohesión social, mientras que Weber se concentra en la acción social, la interpretación de los significados individuales y la influencia de la racionalización y la burocracia en la modernidad. Ambos son considerados padres de la sociología clásica por sus influyentes aportaciones para comprender la sociedad.  4aSociologíazFranciaySiglos 19ySiglo 20 4aSociologíazAlemaniaySiglos 19ySiglo 20 4aTeoría de la acción1 aWeber, Max,d1864-19201 aPortantiero, Juan Carlos,d1934-2007 0aBiblioteca total (Centro Editor de América Latina)pFundamentos de las ciencias del hombrev16